000
00331nam a2200133Ia 4500
005
20251222144647.0
008
251222s9999||||xx |||||||||||||| ||spa||
020
_a
9972-832-23-6
082
_a
985.204/G96
100
_a
Gutiérrez Arbulú, Laura
245
0
_a
Lima en el Siglo XVI
264
_b
Fondo Editorial PUCP
942
_c
LIB
999
_c
16908
_d
16908